000 01407nam a22003617a 4500
001 384
003 FISKH
005 20230331122320.0
008 230331b cb ||||| |||| 00| 0 eng d
020 _a9781405266161
040 _aDLC
_cDLC
_dDLC
_dFISKH
_beng
042 _alcac
050 0 0 _aPZ7.S6795
_bGr 2004
082 0 0 _a813.6
_222
100 1 _aSnicket, Lemony.
245 1 4 _aThe grim grotto /
_cby Lemony Snicket ; illustrations by Brett Helquist.
260 _aNew York :
_bEgmont.
_c2012.
300 _a323 pages. ;
_bill. ;
_c19 cm.
490 1 _aA series of unfortunate events ;
_vbk. the 11th
505 _aX
520 _aStill pursued by the evil Count Olaf, the Baudelaire orphans attempt to reach a very important VFD meeting, but first they must travel in a rattletrap submarine to the Gorgonian Grotto, a dangerous underwater cave, in search of the sugar bowl.
521 8 _a1040
_bLexile
521 8 _aX
_bRaz-Plus
650 1 _aOrphans
_vFiction.
650 1 _aBrothers and sisters
_vFiction.
650 1 _aSubmarines (Ships)
_vFiction.
650 1 _aHumorous stories.
700 1 _aHelquist, Brett,
_eill.
800 1 _aSnicket, Lemony.
_tSeries of unfortunate events ;
_vbk. 11.
906 _a7
_bcbc
_corignew
_d1
_eecip
_f20
_gy-gencatlg
942 _2ddc
_cBK
_n0
999 _c384
_d384